Riding with the Revolution : The American Left in the Mexican Revolution, 1900-1925 /
Riding with the Revolution tells the story of Americans who from 1900 to 1925 became involved with the Mexican Revolution. John Reed actually saddled up and rode with Pancho Villa. Later, American war resisters crossed the Rio Grande into Mexico
المؤلف الرئيسي:
التنسيق: كتاب الكتروني
اللغة: English
منشور في:
Leiden ; Boston :
Brill,
2024.
سلاسل:
Historical Materialism Book Series ;
313.
Social Sciences E-Books Online, Collection 2025.
الموضوعات:
الوصول للمادة أونلاين: Login to view Source
الوسوم: إضافة وسم
رقم الطلب: F1234
| LEADER | 02462nam a22005298i 4500 | ||
|---|---|---|---|
| 001 | BRILL9789004271333 | ||
| 003 | nllekb | ||
| 005 | 20240807135851.0 | ||
| 006 | m d | ||
| 007 | cr un uuuua | ||
| 008 | 240705s2024 gw sb 001 0 eng d | ||
| 010 | |a 2024019801 | ||
| 020 | |a 9789004271333 |q (electronic book) | ||
| 020 | |z 9789004271340 |q (print) | ||
| 024 | 7 | |a 10.1163/9789004271333 |2 DOI | |
| 035 | |z (OCoLC)1430654331 | ||
| 040 | |a NL-LeKB |c NL-LeKB |e rda | ||
| 041 | |a eng | ||
| 050 | 4 | |a F1234 | |
| 072 | 7 | |a JPFC |2 bicssc | |
| 072 | 7 | |a POL |x 005000 |2 bisacsh | |
| 082 | 0 | 4 | |a 972.08/21 |2 23 |
| 100 | 1 | |a Botz, Dan La, |e author. | |
| 245 | 1 | 0 | |a Riding with the Revolution : |b The American Left in the Mexican Revolution, 1900-1925 / |c Dan La Botz. |
| 246 | 3 | |a The American Left in the Mexican Revolution, 1900-1925 | |
| 264 | 1 | |a Leiden ; |a Boston : |b Brill, |c 2024. | |
| 264 | 4 | |c ©2024 | |
| 300 | |a 1 online resource (548 pages) : |b illustrations. | ||
| 336 | |a text |b txt |2 rdacontent | ||
| 337 | |a computer |b c |2 rdamedia | ||
| 338 | |a online resource |2 rdacarrier | ||
| 490 | 1 | |a Historical Materialism Book Series ; |v 313 | |
| 490 | 1 | |a Social Sciences E-Books Online, Collection 2025 | |
| 504 | |a Includes bibliographical references and index. | ||
| 505 | 0 | |t Preface -- Acknowledgements -- Abbreviations -- Pseudonyms -- Introduction: The American Left and the Mexican Revolution - A Testing of Political Theories and Strategies -- Part 1 The American Left Supports the Mexican Revolution -- 1 American P | |
| 520 | |a Riding with the Revolution tells the story of Americans who from 1900 to 1925 became involved with the Mexican Revolution. John Reed actually saddled up and rode with Pancho Villa. Later, American war resisters crossed the Rio Grande into Mexico | ||
| 546 | |a English | ||
| 588 | |a Description based on print version record. | ||
| 650 | 0 | |a Americans |z Mexico |x History |y 20th century. | |
| 650 | 0 | |a Internationalists |z Mexico |v Biography. | |
| 650 | 0 | |a Labor movement |z Mexico |x History |y 20th century. | |
| 776 | 0 | 8 | |i Print version: |t Riding with the Revolution : The American Left in the Mexican Revolution, 1900-1925 |d Leiden ; Boston : Brill, 2024. |z 9789004271340 |w (DLC) 2024019800 |
| 830 | 0 | |a Historical Materialism Book Series ; |v 313. | |
| 830 | 0 | |a Social Sciences E-Books Online, Collection 2025. | |
| 856 | 4 | |z DOI: |u http://dx.doi.org/10.1163/9789004271333 | |
| 942 | |2 lcc |c EBOOK | ||
| 999 | |c 59152 |d 59152 | ||
